000 00453nam a2200121 4500
999 _c10565
_d10565
008 180906b ||||| |||| 00| 0 eng d
100 _930958
_aDomingo, Ronnel W.
245 _aEnter the techie farmer and precision farming:
_bTarlac folk make use of everyday IT gadgets as farm tools.
_cRonnel W. Domingo
260 _aPhilippines
_bPhilippine Daily Inquirer
_cc2016
300 _apage B2-3.
650 0 _930959
_aInformation technology.
942 _2ddc
_cPER